00498cam a2200193 i 4500001000800000005001700008008004100025010001700066020002500083040001800108041000800126080001800134082002200152100000700174101000800181245004900189504003000238740003600268273893520180205074049.0800130s1980 cau b 001 0 eng  a 78059447  a0520037375 :c$17.50 aDLCcDLCdDLC aeng a658.009 mer00a658.009 mer2191 a54 aman10aManagement and ideology :cJudith A. Merkle. aBibliography: p. 299-313.0 aScientific management movement.